000
00323nam a22001337a 4500
008
230125b |||||||| |||| 00| 0 eng d
020
_a
978-93-86349-07-1
082
_a
812.5 MIL
100
_a
Miller, Arthur
245
_a
All My Sons :
_c
Arthur Miller
260
_b
Bloomsbury
_c
2021
300
_a
96 p.
_c
20cm
942
_2
ddc
999
_c
9242
_d
9243